[Event "Mondiale Lampo FIDE 2019"]
[Site "Mosca"]
[Date "29.12.2019"]
[Round "2.96"]
[White "Timofeev, Artyom"]
[Black "Miranda Neto, Jayme Amorim"]
[Result "1-0"]
[WhiteTitle "GM"]
[BlackTitle "CM"]
[WhiteElo "2588"]
[BlackElo "2102"]
[WhiteFideId "4140419"]
[BlackFideId "2115964"]
[EventDate "2019.12.29"]

1. c4 Nf6 2. Nc3 c5 3. Nf3 g6 4. d4 cxd4 5. Nxd4 Bg7 6. e4 d6 7. Be2 O-O 8. O-O
Nc6 9. Nc2 Bd7 10. Be3 Rc8 11. Rc1 Qa5 12. Bd2 Qd8 13. b3 a6 14. h3 Be6 15. Be3
Qa5 16. Bd2 Qd8 17. Re1 Qb6 18. Bf1 Ne5 19. Be3 Qa5 20. Nd4 Bd7 21. Qd2 Rfe8 22.
f4 Nc6 23. Nf3 Nh5 24. Nd5 Qxd2 25. Nxd2 e6 26. Nb6 Rcd8 27. Nf3 Nf6 28. Bf2 Nh5
29. g3 Nf6 30. Rcd1 Bf8 31. Rd2 Bc8 32. Bg2 Nd7 33. Red1 Nc5 34. Nd4 Nxd4 35.
Bxd4 Nd7 36. Bf2 Nxb6 37. Bxb6 Rd7 38. c5 e5 39. cxd6 exf4 40. gxf4 Re6 41. e5
f6 42. Bd5 1-0

[Event "Mondiale Lampo FIDE 2019"]
[Site "Mosca"]
[Date "29.12.2019"]
[Round "2.97"]
[White "Tsvetkov, Andrey"]
[Black "Krsnik Cohar, Ivan Vihor"]
[Result "1/2-1/2"]
[WhiteTitle "FM"]
[BlackTitle "FM"]
[WhiteElo "2350"]
[BlackElo "2313"]
[WhiteFideId "34139360"]
[BlackFideId "14520044"]
[EventDate "2019.12.29"]

1. d4 d5 2. c4 Bf5 3. cxd5 Bxb1 4. Qa4+ c6 5. Rxb1 Qxd5 6. Nf3 Nd7 7. e3 e6 8.
b4 Ngf6 9. Qc2 Bd6 10. Bc4 Qh5 11. Be2 Qg6 12. Qxg6 hxg6 13. O-O g5 14. h3 g4
15. hxg4 Nxg4 16. g3 Ngf6 17. a4 Nd5 18. Bd2 N7f6 19. Bd3 Nd7 20. e4 Ne7 21.
Rfc1 a6 22. Be3 O-O 23. b5 axb5 24. axb5 e5 25. dxe5 Nxe5 26. Nxe5 Bxe5 27. bxc6
bxc6 28. Rb7 Bd6 29. Bc5 Bxc5 30. Rxc5 Rfe8 31. Bc4 Rab8 32. Rc7 Rbc8 33. Ra7
Ra8 34. Rca5 Rxa7 35. Rxa7 Kf8 36. Kf1 Rb8 37. Ke2 g6 38. f4 Rb4 39. Kd3 Rb1 40.
g4 Rg1 41. g5 Rf1 42. Ke3 Rc1 43. Ba2 Re1+ 44. Kd4 Rc1 45. Ke5 c5 46. Kf6 Ng8+
47. Ke5 Ne7 48. Ra8+ Kg7 49. f5 gxf5 50. exf5 Re1+ 51. Kd6 Nxf5+ 52. Kxc5 Rc1+
53. Kb4 Ne7 54. Re8 Nc6+ 55. Kb5 Nd4+ 56. Kb4 Nf5 57. Re5 Nh4 58. Re7 Rf1 59.
Rxf7+ Rxf7 1/2-1/2

[Event "Mondiale Lampo FIDE 2019"]
[Site "Mosca"]
[Date "29.12.2019"]
[Round "2.98"]
[White "Mamatov, Melis"]
[Black "Huzman, Alexander"]
[Result "0-1"]
[BlackTitle "GM"]
[WhiteElo "2292"]
[BlackElo "2567"]
[WhiteFideId "13800027"]
[BlackFideId "2803828"]
[EventDate "2019.12.29"]

1. e4 e6 2. c4 d5 3. exd5 exd5 4. d4 Nf6 5. Nf3 Bb4+ 6. Bd2 Bxd2+ 7. Nbxd2 O-O
8. Be2 dxc4 9. Nxc4 Nc6 10. Nce5 Nxe5 11. dxe5 Qxd1+ 12. Rxd1 Ne4 13. O-O Be6
14. Bd3 Nc5 15. Bb1 a5 16. Nd4 Rad8 17. f4 Rfe8 18. Nb5 Rc8 19. Rd4 b6 20. Rfd1
g6 21. Na7 Ra8 22. Nc6 Kg7 23. h3 h5 24. R4d2 Bc4 25. b3 Bb5 26. Nd4 Bd7 27. Nf3
Be6 28. Nd4 Rac8 29. Nc6 Ra8 30. Kf2 h4 31. Kf3 Rh8 32. Kf2 Rae8 33. Nd4 Rh5 34.
Nb5 Rc8 35. Rd8 Rxd8 36. Rxd8 Bf5 37. Bxf5 Rxf5 38. Ke3 g5 39. fxg5 Rxe5+ 40.
Kf3 Ne6 0-1

[Event "Mondiale Lampo FIDE 2019"]
[Site "Mosca"]
[Date "29.12.2019"]
[Round "2.99"]
[White "Al Mutairi, Hassan S"]
[Black "Turov, Maxim"]
[Result "0-1"]
[WhiteTitle "CM"]
[BlackTitle "GM"]
[WhiteElo "1883"]
[BlackElo "2574"]
[WhiteFideId "21500193"]
[BlackFideId "4120086"]
[EventDate "2019.12.29"]

1. e4 c6 2. Nc3 d5 3. d4 dxe4 4. Bc4 Bf5 5. f3 e3 6. Bxe3 e6 7. Nge2 Nf6 8. g4
Bg6 9. h4 h6 10. Nf4 Bh7 11. Qd2 Nd5 12. Ncxd5 cxd5 13. Bb5+ Nc6 14. O-O-O Qc7
15. Nh5 a6 16. Bf4 Qb6 17. Bxc6+ Qxc6 18. Be5 Rc8 19. Rh2 f6 20. Bf4 Kf7 21. g5
Bg6 22. Ng3 hxg5 23. hxg5 Rxh2 24. Qxh2 Qxc2+ 25. Qxc2 Rxc2+ 26. Kb1 fxg5 27.
Be5 Be7 28. Ka1 Bf6 29. f4 g4 30. Rg1 Bh4 0-1

[Event "Mondiale Lampo FIDE 2019"]
[Site "Mosca"]
[Date "29.12.2019"]
[Round "2.100"]
[White "Vokhidov, Shamsiddin"]
[Black "Thing, Bibek"]
[Result "1-0"]
[WhiteTitle "IM"]
[BlackTitle "CM"]
[WhiteElo "2526"]
[BlackElo "2222"]
[WhiteFideId "14204223"]
[BlackFideId "12303135"]
[EventDate "2019.12.29"]

1. e4 c5 2. Nf3 d6 3. Nc3 a6 4. d4 cxd4 5. Nxd4 Nf6 6. h3 e6 7. g4 d5 8. Nde2
Bb4 9. exd5 Nxd5 10. Bg2 O-O 11. O-O Nxc3 12. Nxc3 Nc6 13. Ne4 Be7 14. c3 Qc7
15. Qe2 b5 16. Be3 Bb7 17. Rad1 Rad8 18. Nc5 Bxc5 19. Bxc5 Rfe8 20. Qe3 Rxd1 21.
Rxd1 Rd8 22. Rd2 Rxd2 23. Qxd2 h6 24. Qd6 Qxd6 25. Bxd6 Nd8 26. Bf1 f6 27. f4
Kf7 28. Kf2 Bd5 29. a4 Nb7 30. Ba3 Bc6 31. axb5 axb5 32. Bb4 g5 33. Ke3 Ke8 34.
b3 Kd7 35. Bf8 Nd6 36. Bxh6 Nf7 37. fxg5 fxg5 38. Bg7 Ke7 39. Bd4 Kd6 40. Bf6 e5
41. c4 Ke6 42. cxb5 Bd5 43. Bg7 Bxb3 44. b6 Bd5 45. Bf8 Nd8 46. Bd3 Nb7 47. Bf5+
Kf7 48. Bb4 Kf6 49. Bc8 Kf7 50. Bd7 Kf6 51. Bb5 Bg2 52. Kf2 Bd5 53. Bd3 Ke6 54.
Bf5+ Kf6 55. Ke3 Bc6 56. Be4 Bxe4 57. Kxe4 Ke6 58. Ba3 Nd8 59. Bc1 Nb7 60. Bxg5
Nc5+ 61. Kf3 Kd5 62. Be3 e4+ 63. Kf4 Nd7 64. g5 1-0

[Event "Mondiale Lampo FIDE 2019"]
[Site "Mosca"]
[Date "29.12.2019"]
[Round "2.101"]
[White "Piorun, Kacper"]
[Black "Al Ghamdi, Ahmed M"]
[Result "1-0"]
[WhiteTitle "GM"]
[BlackTitle "CM"]
[WhiteElo "2611"]
[BlackElo "2107"]
[WhiteFideId "1130420"]
[BlackFideId "21500150"]
[EventDate "2019.12.29"]

1. e4 e5 2. Nf3 Nc6 3. Bc4 Nf6 4. d3 Be7 5. O-O d6 6. a3 O-O 7. Re1 Kh8 8. Nc3
Bg4 9. h3 Bh5 10. Be3 Qd7 11. Nd5 Nxd5 12. Bxd5 Nd8 13. Nxe5 dxe5 14. Qxh5 f6
15. Qg4 Qb5 16. Bb3 a5 17. a4 Qc6 18. Kh1 Nf7 19. f4 exf4 20. Bxf4 Ne5 21. Qe2
Rae8 22. d4 Ng6 23. Bh2 Bd6 24. Bxd6 Qxd6 25. c3 Nf4 26. Qf3 g5 27. Rad1 Qb6 28.
c4 Qb4 29. Qc3 Qb6 30. c5 Qc6 31. d5 Qd7 32. e5 1-0

[Event "Mondiale Lampo FIDE 2019"]
[Site "Mosca"]
[Date "29.12.2019"]
[Round "2.102"]
[White "Carlsson, Pontus"]
[Black "Masrahi, Abdulrahman A"]
[Result "1-0"]
[WhiteTitle "GM"]
[BlackTitle "CM"]
[WhiteElo "2456"]
[BlackElo "1956"]
[WhiteFideId "1705814"]
[BlackFideId "21501564"]
[EventDate "2019.12.29"]

1. e4 e5 2. Nf3 Nc6 3. Bb5 a6 4. Ba4 Nf6 5. O-O Be7 6. Re1 b5 7. Bb3 d6 8. a4 b4
9. d3 O-O 10. Nbd2 Na5 11. Ba2 c5 12. Nc4 Nxc4 13. Bxc4 Be6 14. h3 Bxc4 15. dxc4
Nd7 16. a5 Nb8 17. c3 Nc6 18. Qa4 Qc7 19. Nd2 Rab8 20. Nf1 f5 21. Ne3 f4 22. Nd5
Qc8 23. Qxc6 Qxc6 24. Nxe7+ Kf7 25. Nxc6 Rbc8 26. cxb4 Rxc6 27. b5 axb5 28. cxb5
Rcc8 29. b6 1-0

[Event "Mondiale Lampo FIDE 2019"]
[Site "Mosca"]
[Date "29.12.2019"]
[Round "3.2"]
[White "Salem, A.R. Saleh"]
[Black "Carlsen, Magnus"]
[Result "0-1"]
[WhiteTitle "GM"]
[BlackTitle "GM"]
[WhiteElo "2675"]
[BlackElo "2872"]
[WhiteFideId "9301348"]
[BlackFideId "1503014"]
[EventDate "2019.12.29"]

1. d4 Nf6 2. c4 e6 3. Nc3 d5 4. cxd5 exd5 5. Bg5 c6 6. e3 Bd6 7. Bd3 O-O 8. Nge2
Re8 9. Qc2 h6 10. Bh4 a5 11. a3 Na6 12. h3 Nc7 13. O-O Ne6 14. f4 g5 15. Bg3 g4
16. Bh4 gxh3 17. Ng3 Ng7 18. Rae1 Be7 19. f5 h2+ 20. Kh1 Ng4 21. f6 Nxf6 22.
Bxf6 Bxf6 23. Qf2 Re6 24. e4 Qe7 25. exd5 Rxe1 26. Rxe1 Bxd4 27. Rxe7 Bxf2 28.
Nge4 Bh4 29. Re5 f6 30. Re7 f5 31. Rc7 fxe4 32. Bc4 cxd5 33. Nxd5 Be6 0-1

[Event "Mondiale Lampo FIDE 2019"]
[Site "Mosca"]
[Date "29.12.2019"]
[Round "3.3"]
[White "Karjakin, Sergey"]
[Black "Petrosian, Tigran L."]
[Result "1/2-1/2"]
[WhiteTitle "GM"]
[BlackTitle "GM"]
[WhiteElo "2754"]
[BlackElo "2601"]
[WhiteFideId "14109603"]
[BlackFideId "13301616"]
[EventDate "2019.12.29"]

1. e4 g6 2. d4 Bg7 3. Nc3 d6 4. f4 Nf6 5. Bd3 O-O 6. Nf3 Na6 7. O-O c5 8. d5 Rb8
9. Kh1 Bg4 10. h3 Bxf3 11. Rxf3 Nc7 12. a4 e6 13. dxe6 fxe6 14. Nb5 a6 15. Nxd6
Qxd6 16. e5 Qc6 17. exf6 Bxf6 18. Qe2 Nd5 19. c3 Bg7 20. a5 Kh8 21. Bd2 Rbe8 22.
Bc4 Nc7 23. Re1 Qa4 24. Qe4 Qxa5 25. Qxb7 Rb8 26. Qc6 Rxb2 27. Be3 Qxc3 28. Rc1
Rc2 29. Rxc2 Qxc2 30. Qxc5 Nd5 31. Bxa6 Qxc5 32. Bxc5 Rxf4 33. Rxf4 Nxf4 34. Bc4
e5 35. Be3 Nh5 36. Kg1 Bf8 37. Kf2 Kg7 38. Kf3 Nf6 39. Bd3 h6 40. Bd2 Bc5 41.
Ba5 Bd4 42. Bd2 g5 43. g3 Kf7 44. Bf5 Ke7 45. Bb4+ Ke8 46. Bg6+ Kd7 47. Bf8 h5
48. g4 hxg4+ 49. hxg4 1/2-1/2

[Event "Mondiale Lampo FIDE 2019"]
[Site "Mosca"]
[Date "29.12.2019"]
[Round "3.4"]
[White "Yu, Yangyi"]
[Black "Sychev, Klementy"]
[Result "1-0"]
[WhiteTitle "GM"]
[BlackTitle "GM"]
[WhiteElo "2738"]
[BlackElo "2563"]
[WhiteFideId "8603820"]
[BlackFideId "4114060"]
[EventDate "2019.12.29"]

1. e4 e5 2. Nf3 Nc6 3. Nc3 Nf6 4. Bb5 Nd4 5. Bc4 Bc5 6. Nxe5 Qe7 7. Nf3 d5 8.
Nxd5 Qxe4+ 9. Ne3 Bg4 10. Be2 Nxe2 11. Qxe2 O-O-O 12. d3 Qe6 13. Ng5 Qc6 14.
Nxg4 Qxg2 15. Nxf6 Qxh1+ 16. Qf1 Qc6 17. Nfe4 Bb4+ 18. c3 f5 19. cxb4 fxe4 20.
Nxe4 Qc2 21. Qe2 Qc6 22. Bd2 Rhe8 23. Bc3 Qd5 24. f3 Re6 25. a3 Rg6 26. O-O-O b6
27. Kb1 Kb7 28. f4 Re6 29. Be5 Re7 30. Nc3 Qb3 31. Qc2 Qe6 32. d4 Qh6 33. b5 Kb8
34. Na2 Qh5 35. Nb4 Red7 36. Nc6+ 1-0

[Event "Mondiale Lampo FIDE 2019"]
[Site "Mosca"]
[Date "29.12.2019"]
[Round "3.5"]
[White "Cheparinov, Ivan"]
[Black "Artemiev, Vladislav"]
[Result "1/2-1/2"]
[WhiteTitle "GM"]
[BlackTitle "GM"]
[WhiteElo "2687"]
[BlackElo "2731"]
[WhiteFideId "2905540"]
[BlackFideId "24101605"]
[EventDate "2019.12.29"]

1. Nf3 d5 2. d4 Bf5 3. c4 e6 4. Nc3 Nf6 5. Nh4 Bg6 6. Nxg6 hxg6 7. e3 c6 8. Bd3
Nbd7 9. h3 Bd6 10. O-O dxc4 11. Bxc4 O-O 12. Qc2 c5 13. dxc5 Nxc5 14. Rd1 Qe7
15. Bd2 a6 16. Be2 Rac8 17. Be1 Nce4 18. Rac1 Nxc3 19. Bxc3 Nd5 20. Qb3 Nxc3 21.
Rxc3 Be5 22. Rxc8 Rxc8 23. Bf3 b5 24. a4 Qc5 25. Bb7 Rb8 26. Bxa6 bxa4 27. Qxa4
Bxb2 28. Qc4 Qa5 29. Qe2 Be5 30. Bd3 Qc3 31. Qc2 Qa3 32. Be4 Qc3 1/2-1/2

[Event "Mondiale Lampo FIDE 2019"]
[Site "Mosca"]
[Date "29.12.2019"]
[Round "3.7"]
[White "Alonso Rosell, Alvar"]
[Black "Matlakov, Maxim"]
[Result "1/2-1/2"]
[WhiteTitle "GM"]
[BlackTitle "GM"]
[WhiteElo "2548"]
[BlackElo "2699"]
[WhiteFideId "2270544"]
[BlackFideId "4168003"]
[EventDate "2019.12.29"]

1. d4 Nf6 2. Nf3 d5 3. c4 e6 4. cxd5 exd5 5. Nc3 c6 6. Bg5 Be7 7. e3 Bf5 8. Bd3
Bxd3 9. Qxd3 Nbd7 10. O-O O-O 11. Qc2 Re8 12. Nd2 Bd6 13. Bh4 Nf8 14. Rab1 Ng6
15. Bg3 Bxg3 16. hxg3 Ne7 17. b4 a6 18. a4 Rc8 19. Qd3 g6 20. b5 axb5 21. axb5
Nf5 22. bxc6 bxc6 23. Na4 h5 24. Nc5 Ng4 25. Nf3 h4 26. gxh4 Nxh4 27. Qe2 Nf5
28. Nd3 Kg7 29. Nde5 Nxe5 30. dxe5 Qe7 31. e4 dxe4 32. Qxe4 Red8 33. Rb6 Qc5 34.
Qb4 Qxb4 35. Rxb4 Rd7 36. Rc1 c5 37. Rbc4 Rd5 38. Re4 Rc6 39. Kf1 Kf8 40. Ra4
Rc7 41. Ra8+ Ke7 42. Ra4 Ng7 43. Re4 Ne6 44. Ke1 Ra7 45. Nd2 Ra2 46. Nc4 Rd4 47.
Rxd4 Nxd4 48. Nd6 Re2+ 49. Kf1 Rxe5 50. Nc4 Rh5 51. Re1+ Kf6 52. Kg1 Rd5 53. f3
Nf5 54. Kf2 Rd4 55. Rc1 Rd3 56. Ke2 Rb3 57. Nd2 Nd4+ 58. Kf1 Rb2 59. Ne4+ Kg7
60. Nxc5 Nf5 61. Re1 Nh4 62. Re4 Nxg2 63. Nd3 Rd2 64. Nf2 f5 65. Ra4 Ne3+ 66.
Ke1 Rb2 67. Nd3 Ng2+ 68. Kf1 Ne3+ 69. Ke1 Rh2 70. Ra6 Nc2+ 71. Kf1 Nd4 72. Ne5
Kh7 73. Rd6 Nc2 74. Nxg6 Ne3+ 75. Ke1 Nc2+ 76. Kd1 Ne3+ 77. Ke1 Nc2+ 78. Kd1
Ne3+ 79. Kc1 Rc2+ 80. Kb1 Rf2 81. Ne5 Ng2 1/2-1/2

[Event "Mondiale Lampo FIDE 2019"]
[Site "Mosca"]
[Date "29.12.2019"]
[Round "3.8"]
[White "Fedoseev, Vladimir3"]
[Black "Abdusattorov, Nodirbek"]
[Result "0-1"]
[WhiteTitle "GM"]
[BlackTitle "GM"]
[WhiteElo "2677"]
[BlackElo "2635"]
[WhiteFideId "24130737"]
[BlackFideId "14204118"]
[EventDate "2019.12.29"]

1. d4 Nf6 2. Bg5 d5 3. e3 c5 4. Bxf6 gxf6 5. dxc5 e6 6. c4 dxc4 7. Qc2 Nc6 8.
Bxc4 Qa5+ 9. Nd2 Qxc5 10. Rc1 Bg7 11. Ngf3 O-O 12. Qb1 Qe7 13. O-O f5 14. e4 f4
15. Rfe1 Rd8 16. a3 Bd7 17. e5 Be8 18. Qe4 Nxe5 19. Nxe5 Rxd2 20. Bd3 Rd8 21.
Qxh7+ Kf8 22. h4 f3 23. Rc4 Bxe5 24. Rxe5 Qf6 25. Rg5 R8xd3 26. Rc7 Rd7 27. Rc8
Rd8 28. Rg8+ Ke7 29. Rc7+ R2d7 30. Rc3 Qf4 31. Rg3 fxg2 32. Kxg2 Rd2 33. Rcf3 0-1

[Event "Mondiale Lampo FIDE 2019"]
[Site "Mosca"]
[Date "29.12.2019"]
[Round "3.9"]
[White "Gelfand, Boris"]
[Black "Esipenko, Andrey"]
[Result "0-1"]
[WhiteTitle "GM"]
[BlackTitle "GM"]
[WhiteElo "2684"]
[BlackElo "2642"]
[WhiteFideId "2805677"]
[BlackFideId "24175439"]
[EventDate "2019.12.29"]

1. d4 Nf6 2. c4 e6 3. Nf3 d5 4. g3 dxc4 5. Bg2 a6 6. Ne5 Bb4+ 7. Nc3 Nd5 8. O-O
O-O 9. Ne4 b5 10. b3 cxb3 11. axb3 Bb7 12. Qc2 h6 13. Nd3 Nd7 14. Bb2 Be7 15.
Nec5 Nxc5 16. dxc5 Bf6 17. c6 Bc8 18. Bxf6 Qxf6 19. Rfc1 Nb6 20. Qc5 Rd8 21. Ne5
Nd5 22. f4 Qe7 23. Qxe7 Nxe7 24. Rd1 Rd6 25. Nd7 Ra7 26. Rac1 a5 27. Nc5 a4 28.
bxa4 bxa4 29. Re1 a3 30. Rc2 Nxc6 31. Ne4 Nd4 32. Ra2 Rb6 33. Rea1 Nb5 34. Nc5
Ra5 35. Nb3 Ra4 36. e3 e5 37. Bf1 Be6 38. Nc5 Ra8 39. Nxe6 fxe6 40. Bxb5 Rxb5
41. Rxa3 Rxa3 42. Rxa3 exf4 43. exf4 Kf7 44. Rc3 c5 45. Ra3 Rb7 46. Kf2 Kf6 47.
Ke3 Kf5 48. Kf3 Rc7 49. g4+ Kf6 50. Ke4 g5 51. h3 Rd7 52. fxg5+ hxg5 53. Rf3+
Ke7 54. Ra3 Rd4+ 55. Ke5 Rd5+ 56. Ke4 Kf6 57. Ra8 Rd4+ 58. Ke3 Rb4 59. Rc8 Rb3+
60. Ke4 Rxh3 61. Rf8+ Kg7 62. Rc8 Kf6 63. Rf8+ Kg7 64. Rc8 Rg3 65. Rxc5 Kf6 66.
Rc8 Rxg4+ 67. Kf3 Rf4+ 68. Kg3 Ra4 69. Rf8+ Kg7 70. Re8 Kf7 71. Rb8 Kf6 72. Rf8+
Ke5 73. Rg8 g4 74. Rg5+ Kd6 75. Rg8 e5 76. Rg6+ Kd5 77. Rg8 Rf4 78. Ra8 Ke4 79.
Rb8 Rf1 80. Kxg4 Rg1+ 81. Kh3 Kf4 82. Kh2 Rg7 83. Rb1 e4 84. Rf1+ Ke3 85. Ra1
Kf3 86. Rf1+ Ke2 87. Ra1 e3 88. Kh3 Kf2 89. Ra2+ e2 0-1

[Event "Mondiale Lampo FIDE 2019"]
[Site "Mosca"]
[Date "29.12.2019"]
[Round "3.10"]
[White "Tari, Aryan"]
[Black "Khusnutdinov, Rustam"]
[Result "0-1"]
[WhiteTitle "GM"]
[BlackTitle "GM"]
[WhiteElo "2634"]
[BlackElo "2491"]
[WhiteFideId "1510045"]
[BlackFideId "13701703"]
[EventDate "2019.12.29"]

1. e4 e6 2. d4 d5 3. Nc3 Bb4 4. e5 c5 5. a3 Bxc3+ 6. bxc3 Ne7 7. h4 Qc7 8. Nf3
b6 9. h5 h6 10. Rh4 Ba6 11. Bxa6 Nxa6 12. Qd3 Nb8 13. Rg4 Nf5 14. Rf4 Nc6 15. g4
Nfe7 16. Be3 cxd4 17. cxd4 Rc8 18. Bd2 Nd8 19. Rc1 Qc4 20. Qb3 Ndc6 21. Be3 Na5
22. Qb4 Qxb4+ 23. axb4 Nc4 24. Nd2 a5 25. bxa5 bxa5 26. Ra1 Ra8 27. Nxc4 dxc4
28. Bd2 a4 29. Rf3 Nc6 30. Rc3 Nxd4 31. Rxc4 Nf3+ 32. Ke2 Nxe5 33. Rcxa4 Rc8 34.
Re4 Nd7 35. c3 Nf6 36. Rd4 O-O 37. f3 Rfe8 38. Raa4 Nd5 39. Rdc4 Rb8 40. Rc6 Rb2
41. Rac4 Kh7 42. Rc8 Re7 43. Rd8 Ra7 44. Rcc8 g5 45. Rh8+ Kg7 46. Rcg8+ Kf6 47.
Rxh6+ Ke7 48. Kd3 Ra3 49. Rhh8 Nb4+ 50. Kc4 Nd5 51. Bxg5+ f6 52. Rg7+ Kd6 53.
Rd8+ Ke5 54. Bxf6+ Kxf6 55. Rg6+ Ke7 56. Rh8 Rxc3+ 57. Kd4 Rb4+ 0-1

[Event "Mondiale Lampo FIDE 2019"]
[Site "Mosca"]
[Date "29.12.2019"]
[Round "3.11"]
[White "Sasikiran, Krishnan"]
[Black "Wojtaszek, Radoslaw"]
[Result "0-1"]
[WhiteTitle "GM"]
[BlackTitle "GM"]
[WhiteElo "2656"]
[BlackElo "2725"]
[WhiteFideId "5004985"]
[BlackFideId "1118358"]
[EventDate "2019.12.29"]

1. e4 c6 2. d4 d5 3. e5 Bf5 4. Nd2 e6 5. Nb3 Nd7 6. Nf3 h6 7. Be2 Ne7 8. O-O Nc8
9. Ne1 Be7 10. Bd3 Bxd3 11. Nxd3 Ncb6 12. Qg4 g6 13. Nd2 Qc7 14. a4 a5 15. Nf3
c5 16. b3 c4 17. Nf4 Qc6 18. Nxg6 fxg6 19. Qxg6+ Kd8 20. Bxh6 Kc7 21. Bg7 Rhg8
22. Qh7 Rae8 23. h4 Nb8 24. h5 Qd7 25. h6 Nc6 26. Rac1 Nb4 27. Qg6 Bf8 28. h7
Bxg7 29. hxg8=Q Rxg8 30. Ng5 Nc6 31. Qxe6 Rh8 32. Qxd7+ Kxd7 33. Rcd1 Nb4 34.
Rd2 Bh6 35. f4 Bxg5 36. fxg5 Nc8 37. g6 Rg8 38. Rf7+ Ne7 39. g7 Nc6 40. bxc4 Nd8
41. Rf6 dxc4 42. d5 Rxg7 43. Rd6+ Kc7 44. Rf6 Kd7 45. Rd6+ Kc7 46. Rd4 Nf7 47.
Re6 Ng5 48. Rf6 Ng8 49. e6 Nxf6 50. d6+ Kd8 51. d7 Nf3+ 0-1

[Event "Mondiale Lampo FIDE 2019"]
[Site "Mosca"]
[Date "29.12.2019"]
[Round "3.12"]
[White "Mamedov, Rauf"]
[Black "Dragnev, Valentin"]
[Result "1-0"]
[WhiteTitle "GM"]
[BlackTitle "GM"]
[WhiteElo "2659"]
[BlackElo "2553"]
[WhiteFideId "13401653"]
[BlackFideId "1634852"]
[EventDate "2019.12.29"]

1. e4 e5 2. Nf3 Nc6 3. Bb5 a6 4. Ba4 Nf6 5. Nc3 Bd6 6. a3 O-O 7. d3 Re8 8. Bb3
Nd4 9. Ba2 Nxf3+ 10. Qxf3 Be7 11. g4 Rf8 12. g5 Ne8 13. h4 d6 14. Nd5 Be6 15.
Ne3 Qd7 16. Nf5 d5 17. Nxe7+ Qxe7 18. exd5 Bd7 19. Bd2 Nd6 20. O-O-O f5 21. Rde1
Rae8 22. Bc3 e4 23. Qf4 b6 24. h5 a5 25. h6 g6 26. f3 Rf7 27. fxe4 fxe4 28. Bf6
Qf8 29. dxe4 1-0

[Event "Mondiale Lampo FIDE 2019"]
[Site "Mosca"]
[Date "29.12.2019"]
[Round "3.13"]
[White "Vishnu Prasanna, V"]
[Black "Jakovenko, Dmitry"]
[Result "0-1"]
[WhiteTitle "GM"]
[BlackTitle "GM"]
[WhiteElo "2493"]
[BlackElo "2698"]
[WhiteFideId "5030692"]
[BlackFideId "4122356"]
[EventDate "2019.12.29"]

1. d4 Nf6 2. c4 e6 3. Nf3 b6 4. a3 Bb7 5. Nc3 d5 6. Qa4+ c6 7. cxd5 exd5 8. Bg5
Be7 9. e3 O-O 10. Be2 Nbd7 11. O-O Re8 12. Rac1 a5 13. Rfe1 Rc8 14. Qb3 b5 15.
Bd3 h6 16. Bh4 Nb6 17. a4 b4 18. Nb1 Ne4 19. Bxe4 dxe4 20. Bxe7 Qxe7 21. Ne5 c5
22. dxc5 Bd5 23. Qd1 Rxc5 24. Qd4 Rxc1 25. Rxc1 Qxe5 26. Qxb6 Qxb2 27. Re1 Ba2
28. Qc6 Re6 29. Qa8+ Kh7 30. Qxa5 Bxb1 31. Qf5+ Kg8 0-1

[Event "Mondiale Lampo FIDE 2019"]
[Site "Mosca"]
[Date "29.12.2019"]
[Round "3.14"]
[White "Dreev, Aleksey"]
[Black "Sethuraman, S.P."]
[Result "1-0"]
[WhiteTitle "GM"]
[BlackTitle "GM"]
[WhiteElo "2677"]
[BlackElo "2638"]
[WhiteFideId "4100107"]
[BlackFideId "5021596"]
[EventDate "2019.12.29"]

1. d4 f5 2. c4 Nf6 3. Nc3 d6 4. Bg5 Nbd7 5. Qc2 g6 6. e3 Bg7 7. h4 h6 8. Bxf6
Nxf6 9. Nh3 e5 10. O-O-O Qe7 11. c5 O-O 12. Bc4+ Be6 13. Bxe6+ Qxe6 14. f3 dxc5
15. dxc5 Rfd8 16. Nf2 Rd7 17. e4 Rad8 18. Qa4 a6 19. Rhe1 Rd4 20. Qb3 Qxb3 21.
axb3 Nd7 22. Nd3 a5 23. Kc2 Kf7 24. h5 fxe4 25. fxe4 c6 26. Rf1+ Bf6 27. hxg6+
Kxg6 28. Rf3 Be7 29. Nf4+ Kh7 30. Ne6 Rxd1 31. Nxd8 Bxd8 32. Nxd1 Nxc5 33. Nf2
Kg6 34. Rf8 Ne6 35. Rg8+ Kf7 36. Rg3 h5 37. Nd3 Bf6 38. Kc3 b5 39. Rf3 Ke7 40.
Rf5 Ng5 41. Nf2 Ke6 42. Kd3 Be7 43. Nh3 Nxh3 44. gxh3 h4 45. Rh5 Bf6 46. Rh7 Be7
47. Rh8 Kd6 48. Ra8 Kc5 49. Rxa5 Kb4 50. Ra7 Bc5 51. Ra6 Kxb3 52. Rxc6 Bd4 53.
Rh6 Bf2 54. Rh5 Bg3 55. Rh8 b4 56. Rb8 Be1 57. Rb5 Bg3 58. Kd2 Kc4 59. Rb7 Kb3
60. Kc1 Kc4 61. Kc2 Be1 62. b3+ Kd4 63. Kd1 Bc3 64. Ke2 Kxe4 65. Rh7 Kf4 66.
Rxh4+ Kg3 67. Rh7 Kf4 68. h4 Kg4 69. h5 Kg5 70. Kd3 Kf5 71. Rf7+ Kg5 72. Rh7 Kf5
73. h6 Kg6 74. Rg7+ Kxh6 75. Rg2 Kh5 76. Ke4 Kh4 77. Rg8 Kh5 78. Rg7 Kh6 79. Rg3
Kh5 80. Rg2 Kh4 81. Rg6 Kh5 82. Kf5 Kh4 83. Re6 Kg3 84. Rxe5 Bxe5 85. Kxe5 Kg4
86. Kd5 Kf5 87. Kc5 Ke6 88. Kxb4 Kd7 89. Ka5 Kc6 90. b4 Kb7 91. Kb5 Kc7 92. Ka6
Kb8 93. Kb6 Ka8 94. Kc7 Ka7 95. b5 Ka8 96. Kb6 Kb8 97. Ka6 Ka8 98. b6 Kb8 99. b7 1-0

[Event "Mondiale Lampo FIDE 2019"]
[Site "Mosca"]
[Date "29.12.2019"]
[Round "3.15"]
[White "Nepomniachtchi, Ian"]
[Black "Can, Emre"]
[Result "1-0"]
[WhiteTitle "GM"]
[BlackTitle "GM"]
[WhiteElo "2767"]
[BlackElo "2600"]
[WhiteFideId "4168119"]
[BlackFideId "6302181"]
[EventDate "2019.12.29"]

1. e4 g6 2. d4 Bg7 3. Nc3 d6 4. Nf3 a6 5. Be2 b5 6. O-O Bb7 7. Re1 Nd7 8. a4 b4
9. Na2 a5 10. c3 c5 11. dxc5 dxc5 12. Bb5 Nf6 13. e5 Nd5 14. e6 fxe6 15. Ng5 Nc7
16. Nxe6 Nxe6 17. Rxe6 Qc7 18. Bf4 Qc8 19. Rxe7+ 1-0

[Event "Mondiale Lampo FIDE 2019"]
[Site "Mosca"]
[Date "29.12.2019"]
[Round "3.16"]
[White "Andreikin, Dmitry"]
[Black "Pashikian, Arman"]
[Result "1-0"]
[WhiteTitle "GM"]
[BlackTitle "GM"]
[WhiteElo "2724"]
[BlackElo "2605"]
[WhiteFideId "4158814"]
[BlackFideId "13301578"]
[EventDate "2019.12.29"]

1. d4 Nf6 2. c4 e6 3. Nf3 d5 4. e3 Nbd7 5. Nc3 a6 6. c5 g6 7. b4 Bg7 8. Bb2 O-O
9. Bd3 Re8 10. h3 e5 11. dxe5 Nxe5 12. Nxe5 Rxe5 13. Ne2 Re8 14. O-O c6 15. Bd4
Nh5 16. Qd2 Qh4 17. Bxg7 Nxg7 18. Nd4 Ne6 19. Rae1 Bd7 20. Nf3 Qf6 21. a3 Rad8
22. Kh2 Ng7 23. Nd4 Bf5 24. Be2 h5 25. a4 Ne6 26. Nxe6 Qxe6 27. Qd4 Qe5+ 28.
Qxe5 Rxe5 29. Bf3 Bd3 30. Rg1 h4 31. Rd1 Bc2 32. Rd4 Bxa4 33. Rxh4 Bc2 34. Rd4
Rde8 35. g4 Kg7 36. Kg3 g5 37. h4 gxh4+ 38. Kxh4 Be4 39. Kg3 Bxf3 40. Kxf3 Re4
41. Rgd1 Kf6 42. Kg3 Kg5 43. Kf3 R8e5 44. R1d2 Re8 45. Rxe4 Rxe4 46. Rd4 Re8 47.
Rf4 Kg6 48. g5 Ra8 49. Rf6+ Kg7 50. Rd6 a5 51. bxa5 Rxa5 52. Rd7 Rxc5 53. Rxb7
Rc4 54. Kg3 Kg6 55. f4 Rc3 56. Kg4 Rxe3 57. f5+ Kg7 58. g6 Kh6 59. Rxf7 Re4+ 60.
Kf3 Re8 61. g7 Kh7 62. Rf8 1-0